000 00459cam a2200181ua 4500
020 _c15.00
041 _aeng
_h
082 _a629.246
_bPLA/AU
100 _aPlatt, Maurice .
245 _aAutomobile brakes and brake testing /
_cMaurice Platt.
_hTextual Documents
250 _a2 /
_b.
260 _aLondon :
_bSir Isaac Pitman & Sons Ltd ,
_c1958.
300 _a97 ; .
365 _a15.00
504 _a
942 _cBK
999 _c10704
_d10704